000 00641nam a2200193Ii 4500
003 JO-AjNU
008 230605s9999||||xx |||||||||||||| ||und||
040 _aJO-AjNU
_bara
_erda
_cJO-AjNU
041 _aara
050 1 4 _aRC86.7 1993
100 3 _aخنفر ، يوسف,
_eauthor
_99395
245 0 0 _aالاصابات في المسكن اسبابها وطرق الوقاية منها
264 3 1 _aعمان:دار الفكر العالمي ، 1993
300 _a72ص
336 _atext
_btxt
_2rdacontent
337 _aunmediated
_bn
_2rdamedia
338 _avolume
_bnc
_2rdacarrier
650 4 _aالاصابات-وطرق علاجها
_99396
999 _aA1279
_c4847
_d4847